Statistiques concernant Les films de Pixar

Cliquez ici pour prendre le quiz!

Statistiques générales

  • Ce quiz a été pris 396 fois
    (395 depuis la dernière actualisation)
  • Le résultat moyen est 12 sur 17

Statistiques - réponses

HintRéponse% Correct
1996Toy Story
92%
2000Toy Story 2
86%
2010Toy Story 3
86%
2003Le monde de Némo
77%
2009Là-Haut
75%
2006Cars
74%
2002Monstres & Cie
73%
2011Cars 2
69%
2004Les Indestructibles
67%
2008WALL-E
65%
2015Vice-Versa
64%
2016Le monde de Dory
63%
19991001 Pattes
62%
2007Ratatouille
55%
2012Rebelle
54%
2013Monstres Academy
54%
2015Le voyage D'arlo
43%

Distribution des résultats

Percentile par nombre de réponses

% des personnes avec chaque résultat

Votre développement - résultats

Vous n’avez pas pris ce quiz depuis la dernière actualisation